[Event "CZE-ch U14"]
[Site "Kouty nad Desnou"]
[Date "2024.03.12"]
[Round "5"]
[White "Kroulik, Vaclav"]
[Black "Vana, Jan1"]
[Result "1-0"]
[WhiteElo "1936"]
[BlackElo "1908"]
[PlyCount "117"]
[EventDate "2024.03.09"]
[EventType "swiss"]
[EventRounds "9"]
[EventCountry "CZE"]
[SourceTitle "CB12_2024"]
[SourceDate "2023.10.01"]
[SourceVersion "1"]
[SourceVersionDate "2023.10.01"]
[SourceQuality "1"]

1. e4 c5 2. Nf3 Nc6 3. Bb5 g6 4. Bxc6 dxc6 5. d3 Bg7 6. h3 Qc7 7. 0-0 e5 8. Be3 b6 9. Nc3 f5 10. exf5 gxf5 11. Re1 Ne7 12. Bg5 0-0 13. Qd2 Ng6 14. h4 Qd6 15. Re2 c4 16. h5 Nf4 17. Bxf4 exf4 18. d4 Bd7 19. Rae1 Rae8 20. Ne5 c5 21. dxc5 Qxd2 22. Rxd2 Bc8 23. Nf3 Rxe1+ 24. Nxe1 bxc5 25. Rd5 Bd4 26. Nf3 Bb7 27. Rd7 Bxf3 28. gxf3 Rb8 29. Na4 Bxb2 30. Nxc5 Ba3 31. Ne6 a5 32. Rg7+ Kh8 33. Rc7 Kg8 34. Rxc4 Rb2 35. Rxf4 Rxc2 36. Rxf5 Bb4 37. a3 Bxa3 38. Rxa5 Bd6 39. Rd5 Be7 40. Nf4 Rc4 41. Rf5 Rc2 42. Kg2 Bh4 43. Nh3 Kg7 44. f4 Ra2 45. Kf3 Rb2 46. Rd5 Kh6 47. Kg4 Bxf2 48. Rd7 Ra2 49. Ng5 Ra7 50. Rd6+ Kg7 51. h6+ Kf8 52. Rd8+ Ke7 53. Rh8 Ra5 54. Rxh7+ Kf8 55. Rf7+ Ke8 56. Rb7 Ra8 57. Rg7 Ra6 58. h7 Rh6 59. Rg8+ 1-0

[Event "CZE-ch U12"]
[Site "Teplice"]
[Date "2023.03.16"]
[Round "7"]
[White "Rendl, Lubos"]
[Black "Kroulik, Vaclav"]
[Result "0-1"]
[WhiteElo "1477"]
[BlackElo "1772"]
[PlyCount "63"]
[EventDate "2023.03.11"]
[EventType "swiss"]
[EventRounds "9"]
[EventCountry "CZE"]
[SourceTitle "CBM 213 Extra"]
[Source "ChessBase"]
[SourceDate "2023.05.31"]
[SourceVersion "1"]
[SourceVersionDate "2023.05.31"]
[SourceQuality "1"]

1. e4 c5 2. Nf3 Nc6 3. d4 cxd4 4. Nxd4 Nf6 5. Nc3 e6 6. Nxc6 bxc6 7. e5 Nd5 8. Ne4 Qc7 9. f4 Qb6 10. c4 Ne3 11. Qd3 Nxf1 12. Rxf1 Ba6 13. Bd2 0-0-0 14. Nd6+ Bxd6 15. exd6 e5 16. fxe5 Qc5 17. Qc3 Rde8 18. 0-0-0 Qxc4 19. Qxc4 Bxc4 20. Rf4 Bd5 21. Bc3 Rhf8 22. a3 Re6 23. Rd2 Rg6 24. Ba5 Kb7 25. g3 Re8 26. Bc7 Rg5 27. Rdd4 Rgxe5 28. Rb4+ Ka8 29. Ra4 Re1+ 30. Kd2 R8e2+ 31. Kc3 Re3+ 32. Kc2 0-1

[Event "Pardubice rapid op 33rd"]
[Site "Pardubice"]
[Date "2022.07.21"]
[Round "9"]
[White "Kovalskyi, Roman"]
[Black "Kroulik, Vaclav"]
[Result "1-0"]
[WhiteElo "2056"]
[BlackElo "1749"]
[PlyCount "85"]
[EventDate "2022.07.20"]
[EventType "swiss (rapid)"]
[EventRounds "9"]
[EventCountry "CZE"]
[SourceTitle "CBM 209 Extra"]
[Source "ChessBase"]
[SourceDate "2022.09.30"]
[SourceVersion "1"]
[SourceVersionDate "2022.09.30"]
[SourceQuality "1"]

1. e4 c5 2. d4 cxd4 3. c3 d3 4. Bxd3 Nc6 5. Nf3 d6 6. 0-0 Bg4 7. Bf4 g6 8. h3 Bd7 9. Qe2 Bg7 10. Rd1 Nf6 11. e5 dxe5 12. Nxe5 Nxe5 13. Bxe5 0-0 14. Nd2 Qb6 15. Nc4 Qe6 16. Rd2 Bc6 17. Re1 Nd5 18. Qd1 Bxe5 19. Nxe5 Qf6 20. Ng4 Qg7 21. Be4 e6 22. Bxd5 Bxd5 23. Ne3 Bc6 24. Nc4 Bd5 25. Ne5 f6 26. Nd3 Bc4 27. Nc5 Qe7 28. Nxe6 Bxe6 29. Rd6 Rfe8 30. Rdxe6 Qxe6 31. Rxe6 Rxe6 32. Qd5 Rae8 33. Qxb7 Re1+ 34. Kh2 R8e7 35. Qd5+ Kf8 36. Qd8+ Kg7 37. c4 R7e2 38. Qd7+ Re7 39. Qd4 Kf7 40. c5 R1e4 41. Qd5+ Ke8 42. c6 Kf8 43. c7 1-0

[Event "Pardubice rapid op 33rd"]
[Site "Pardubice"]
[Date "2022.07.21"]
[Round "6"]
[White "Kroulik, Vaclav"]
[Black "Postl, Petr"]
[Result "0-1"]
[WhiteElo "1749"]
[BlackElo "1900"]
[PlyCount "56"]
[EventDate "2022.07.20"]
[EventType "swiss (rapid)"]
[EventRounds "9"]
[EventCountry "CZE"]
[SourceTitle "CBM 209 Extra"]
[Source "ChessBase"]
[SourceDate "2022.09.30"]
[SourceVersion "1"]
[SourceVersionDate "2022.09.30"]
[SourceQuality "1"]

1. e4 d6 2. d4 Nf6 3. Bd3 g6 4. Nf3 Bg7 5. c3 0-0 6. 0-0 Nc6 7. Bg5 h6 8. Bh4 Nh5 9. Qd2 g5 10. Bg3 Nxg3 11. hxg3 e5 12. d5 Ne7 13. Na3 f5 14. Nc2 f4 15. gxf4 gxf4 16. Rfe1 Ng6 17. Kf1 Nh4 18. Nxh4 Qxh4 19. f3 Rf6 20. Ke2 Rg6 21. Rg1 Qh2 22. Kf2 Bf6 23. Ne1 Bh4+ 24. Kf1 Bh3 25. Rc1 Kh7 26. Rc2 Rag8 27. c4 Bxe1 28. Qxe1 Rxg2 0-1

[Event "CZE-chT U12"]
[Site "Jihlava"]
[Date "2022.06.12"]
[Round "9.2"]
[White "Nemec, Mikulas"]
[Black "Kroulik, Vaclav"]
[Result "1/2-1/2"]
[WhiteElo "1056"]
[BlackElo "1405"]
[PlyCount "138"]
[EventDate "2022.06.10"]
[EventType "team-swiss"]
[EventRounds "9"]
[EventCountry "CZE"]
[SourceTitle "CBM 209 Extra"]
[Source "ChessBase"]
[SourceDate "2022.09.30"]
[SourceVersion "1"]
[SourceVersionDate "2022.09.30"]
[SourceQuality "1"]
[WhiteTeam "Ricany U12"]
[BlackTeam "Rychnov nad Kneznou U12"]
[WhiteTeamCountry "CZE"]
[BlackTeamCountry "CZE"]

1. d4 Nf6 2. Bf4 d5 3. Nf3 Bg4 4. Nbd2 e6 5. e3 Nbd7 6. c3 Rc8 7. Bd3 c5 8. Qa4 Qb6 9. Qb3 c4 10. Qxb6 axb6 11. Bc2 b5 12. 0-0 Be7 13. a4 b4 14. Ne5 Nxe5 15. Bxe5 Kd7 16. Bxf6 gxf6 17. f3 Bh5 18. g4 Bg6 19. Bxg6 hxg6 20. Kg2 Bd6 21. h3 Ra8 22. Rh1 g5 23. Nf1 b5 24. a5 Ra6 25. Ng3 Bxg3 26. Kxg3 bxc3 27. bxc3 Rha8 28. h4 gxh4+ 29. Rxh4 Rxa5 30. Rc1 Ra2 31. Rh7 Ke7 32. Kf4 Rb8 33. Rhh1 b4 34. Rb1 b3 35. e4 dxe4 36. Kxe4 b2 37. Rh2 Kd6 38. f4 Kc6 39. f5 Rb3 40. Rc2 Kd6 41. Kf4 Kd5 42. g5 e5+ 43. dxe5 fxe5+ 44. Kf3 Raa3 45. Rbxb2 Rxc3+ 46. Rxc3 Rxc3+ 47. Kg4 Rb3 48. Rd2+ Rd3 49. Rc2 c3 50. g6 fxg6 51. fxg6 Ke6 52. Kg5 Rg3+ 53. Kh6 Rh3+ 54. Kg5 Rg3+ 55. Kh6 Rh3+ 56. Kg5 Rg3+ 57. Kh6 Rh3+ 58. Kg7 e4 59. Kg8 Kf6 60. g7 Rg3 61. Rf2+ Ke7 62. Rf4 c2 63. Rxe4+ Kf6 64. Rf4+ Ke7 65. Rf1 Rg2 66. Kh7 Rh2+ 67. Kg8 Rg2 68. Re1+ Kf6 69. Rf1+ Ke7 1/2-1/2

[Event "CZE-chT U12"]
[Site "Jihlava"]
[Date "2022.06.11"]
[Round "6.2"]
[White "Kroulik, Vaclav"]
[Black "Boff, Ondrej"]
[Result "1-0"]
[WhiteElo "1405"]
[BlackElo "1346"]
[PlyCount "39"]
[EventDate "2022.06.10"]
[EventType "team-swiss"]
[EventRounds "9"]
[EventCountry "CZE"]
[SourceTitle "CBM 209 Extra"]
[Source "ChessBase"]
[SourceDate "2022.09.30"]
[SourceVersion "1"]
[SourceVersionDate "2022.09.30"]
[SourceQuality "1"]
[WhiteTeam "Rychnov nad Kneznou U12"]
[BlackTeam "Trinec U12"]
[WhiteTeamCountry "CZE"]
[BlackTeamCountry "CZE"]

1. d4 Nf6 2. c4 c5 3. d5 b5 4. b3 d6 5. Nf3 Bf5 6. Bb2 Nbd7 7. Nbd2 g6 8. Nh4 e6 9. e4 Bxe4 10. Nxe4 Nxe4 11. Bxh8 Qxh4 12. Qe2 f5 13. dxe6 Ndf6 14. Bxf6 Qxf6 15. Rc1 Nc3 16. Qf3 Ne4 17. Bd3 Qb2 18. 0-0 Rd8 19. Bxe4 fxe4 20. Qf7# 1-0

[Event "CZE-chT U12"]
[Site "Jihlava"]
[Date "2022.06.10"]
[Round "2.2"]
[White "Kroulik, Vaclav"]
[Black "Sochor, Antonin"]
[Result "1-0"]
[WhiteElo "1405"]
[BlackElo "1311"]
[PlyCount "51"]
[EventDate "2022.06.10"]
[EventType "team-swiss"]
[EventRounds "9"]
[EventCountry "CZE"]
[SourceTitle "CBM 209 Extra"]
[Source "ChessBase"]
[SourceDate "2022.09.30"]
[SourceVersion "1"]
[SourceVersionDate "2022.09.30"]
[SourceQuality "1"]
[WhiteTeam "Rychnov nad Kneznou U12"]
[BlackTeam "Polabiny U12"]
[WhiteTeamCountry "CZE"]
[BlackTeamCountry "CZE"]

1. e4 e6 2. d4 d5 3. exd5 exd5 4. Bd3 Bd6 5. Ne2 Bg4 6. 0-0 Ne7 7. Bg5 0-0 8. f3 Bh5 9. Nf4 h6 10. Bxe7 Qxe7 11. Nxh5 Qh4 12. Ng3 Qxd4+ 13. Kh1 Qxb2 14. Nd2 Qf6 15. Nf5 Bc5 16. Nb3 Bb6 17. Re1 c6 18. Qd2 Nd7 19. Qf4 Rae8 20. g4 c5 21. Bb5 c4 22. Bxd7 cxb3 23. Bxe8 b2 24. Rab1 Ba5 25. Re2 Bc3 26. Ne7+ 1-0

[Event "CZE-ch U12"]
[Site "Luhacovice"]
[Date "2022.03.15"]
[Round "5"]
[White "Delgerdalai, Bayarjavkhlan"]
[Black "Kroulik, Vaclav"]
[Result "1/2-1/2"]
[WhiteElo "2074"]
[BlackElo "1645"]
[PlyCount "86"]
[EventDate "2022.03.12"]
[EventType "swiss"]
[EventRounds "9"]
[EventCountry "CZE"]
[SourceTitle "EXT 2023"]
[Source "ChessBase"]
[SourceDate "2022.10.05"]
[SourceVersion "1"]
[SourceVersionDate "2022.10.05"]
[SourceQuality "1"]

1. e4 c5 2. Nf3 d6 3. d4 cxd4 4. Nxd4 Nc6 5. c4 g6 6. Be3 Bg7 7. Nc3 Nf6 8. f3 a6 9. Be2 Bd7 10. 0-0 0-0 11. Qd2 Rc8 12. Rfc1 Nxd4 13. Bxd4 Be6 14. Nd5 Bxd5 15. cxd5 Nd7 16. b4 Bxd4+ 17. Qxd4 Qb6 18. Qxb6 Nxb6 19. a4 Kg7 20. a5 Nd7 21. f4 h5 22. Kf2 Kf6 23. Ke3 e6 24. dxe6 fxe6 25. g3 Rfe8 26. b5 Nc5 27. bxa6 bxa6 28. Rab1 Rb8 29. e5+ Ke7 30. exd6+ Kxd6 31. Rd1+ Ke7 32. Bc4 Nb7 33. Bxa6 Nxa5 34. Bd3 Kf6 35. Rxb8 Rxb8 36. Rc1 Rb2 37. Rc5 Nb7 38. Rg5 Rxh2 39. Rxg6+ Kf7 40. Rh6 Nd6 41. Kd4 Rh3 42. Rh7+ Kf6 43. Rh6+ Kf7 1/2-1/2